000 01004nam a22002657a 4500
003 BD-DhSAU
005 20200120101311.0
008 161006b2018 bg ad||| |||| 00| 0 eng d
040 _aBD-DhSAU
082 _222
_a630
_bR8121
100 _a Roy , Ananya
_4Registration No:12-04962
245 _aInfluence of Zinc on yield and quality of Aromatic Rice /
_c Ananya Roy
_bMs Thesis
260 _aDhaka : Sher- e- Bangla Agricultural University :
_bDepartment of Agronomy ,
_c2018
300 _av, 88 p. :
_bill. ;
_c30 cm.
500 _aMS Thesis ,Department of Agronomy ,Sher-E-Bangla Agricultural University , Dhaka-1207 ,
504 _aIncludes bibliographical references.
590 _aShofi
650 _aAgronomy
650 _a Zinc
650 _a Aromatic Rice
700 _aRoy , Tuhin Suvra
_4Supervisor
700 _a Amin , A. K. M. Ruhul
_4Co-Supervisor
856 _uhttp://archive.saulibrary.edu.bd:8080/xmlui/handle/123456789/2967
_yOnline Access
942 _2ddc
_cTHESIS
999 _c14952
_d14951